Estudios culturales y comunicación: análisis, producción y consumo cultural de las políticas de identidad y el posmodernismo /
Salvato in:
| Autore principale: | |
|---|---|
| Altri autori: | |
| Natura: | testo |
| Pubblicazione: |
Barcelona:
PAIDOS
|
| Tags: |
Aggiungi Tag
Nessun Tag, puoi essere il primo ad aggiungerne!!
|
MARC
| LEADER | 00000 a a2200000 04500 | ||
|---|---|---|---|
| 001 | 32648 | ||
| 003 | |||
| 040 | |||
| 020 | |a 84-493-0518-7 | ||
| 090 | |a 203300 | ||
| 100 | |a Curran, James | ||
| 245 | |a Estudios culturales y comunicación: análisis, producción y consumo cultural de las políticas de identidad y el posmodernismo / |c James Curran | ||
| 260 | |a Barcelona: |b PAIDOS | ||
| 300 | |a 548 p. | ||
| 700 | |a Morley, David |a Walkerdine, Valerie | ||
| 999 | |c 15648 |d 15648 | ||



